[Event "FRA-ch rapid"]
[Site "Orsay"]
[Date "2018.05.10"]
[Round "1"]
[White "Marcault, Alain"]
[Black "Lagarde, Maxime"]
[Result "0-1"]
[WhiteElo "1351"]
[BlackElo "2604"]
[PlyCount "78"]
[EventDate "2018.05.10"]
[EventType "swiss (rapid)"]
[EventRounds "13"]
[EventCountry "FRA"]
[SourceTitle "CBM 184 Extra"]
[Source "ChessBase"]
[SourceDate "2018.06.28"]
[SourceVersion "1"]
[SourceVersionDate "2018.06.28"]
[SourceQuality "1"]

1. d4 Nf6 2. Bf4 b6 3. Nd2 Bb7 4. Ngf3 g6 5. e3 Bg7 6. Be2 0-0 7. 0-0 d6 8. c3 c5 9. Bg5 Nc6 10. Bxf6 Bxf6 11. Rb1 Bg7 12. d5 Nb8 13. e4 Nd7 14. c4 a6 15. b3 b5 16. Qc2 b4 17. Rfe1 a5 18. Nf1 a4 19. bxa4 Nb6 20. Rb3 Nxa4 21. Reb1 Nc3 22. Rxc3 Bxc3 23. a4 Bc8 24. Ng3 Bd7 25. Qd3 Rxa4 26. h3 Qa5 27. Rb3 Ra1+ 28. Kh2 Ba4 29. Rb1 Rxb1 30. Qxb1 b3 31. Bd3 b2 32. Qa2 Bd1 33. Qb1 Bxf3 34. gxf3 Bd4 35. Kg2 Qd2 36. Qf1 Ra8 37. Bb1 Ra1 38. Ne2 Rxb1 39. Qxb1 Qxe2 0-1